[Event "Vikings GM 1st"]
[Site "York"]
[Date "1999.12.17"]
[Round "5"]
[White "Hillarp Persson, Tiger"]
[Black "Sutovsky, Emil"]
[Result "0-1"]
[WhiteElo "2507"]
[BlackElo "2587"]
[Annotator "Krasenkow,M"]
[PlyCount "64"]
[EventDate "1999.12.13"]
[EventType "tourn"]
[EventRounds "10"]
[EventCountry "ENG"]
[EventCategory "12"]
[SourceTitle "CBM 075"]
[Source "ChessBase"]
[SourceDate "2000.04.05"]
[SourceVersion "1"]
[SourceVersionDate "2000.04.05"]
[SourceQuality "1"]

1. d4 Nf6 2. c4 g6 3. Nc3 d5 4. cxd5 Nxd5 5. e4 Nxc3 6. bxc3 Bg7 7. Bc4 c5 8.
Ne2 Nc6 9. Be3 O-O 10. O-O Bg4 11. f3 Na5 12. Bd3 cxd4 13. cxd4 Be6 14. Rc1
Bxa2 15. Qa4 Bb3 {This was introduced by Vishy Anand in his candidates' match
against Artur Jussupow (Wijk aan Zee 1994). Here this bishop is more active
but less safe than in the} (15... Be6 16. d5 Bd7) {line. White can push it by
means of Rc1-c3 but then the rook will be hanging.} 16. Qb4 b6 (16... Qb6 $6
17. Qxe7 (17. Qd2 $5 {[%csl Rb6]}) (17. Qa3 $5) 17... Nc6 18. Qc5 Qxc5 19. Rxc5
Rfd8 20. d5 Ne5 21. Rc3 Ba4 22. Nd4 Nxd3 23. Rxd3 Rac8 {1/2-1/2 Wessman,
R-Einarsson,H/Reykjavik op 1990 (40)}) 17. Rc3 {Probably the most harmless
option. White's idea is to double his rooks along the c-file but this only
allows Black to exchange them! Besides, as I have already mentioned, the c3
rook is now hanging in different tactical variations (starting with problems
for White playing d4-d5).} (17. d5 $5 {Cutting off the b3 bishop} Qd6 $1 {
the point of Anand's idea} 18. Qxd6 (18. Bd2 $6 Rfd8 $1 19. Qxd6 exd6 20. Bg5
Rdc8 21. Ba6 Rc5 $1 $17 {Jussupow,A-Anand,V/Wijk cm2 1994/0-1 (60)}) 18... exd6
19. Rc7 $5 (19. Ba6 Ba4 $1 $13 {Anand}) 19... Rfc8 20. Rfc1 Rxc7 21. Rxc7 Bf6
22. Bf4 Bd8 23. Rc1 Be7 24. Ba6 Ba4 25. Nd4 Kf8 26. Rc7 Ke8 27. Bb5+ Bxb5 28.
Nxb5 Kd8 29. e5 dxe5 30. d6 Bxd6 31. Bg5+ Ke8 32. Nxd6+ Kf8 33. Bh6+ Kg8 {
1-0 Lukacs,P-Monda,L/Budapest Spring op 1990 This line needs further
investigation.}) (17. Bg5 $5 f6 {closing down the g7 bishop} 18. Bh4 (18. Be3
Bf7 19. Ba6 Qd6 20. Qb2 Rab8 21. d5 $6 b5 $1 22. Bxb5 a6 23. Qc3 Rxb5 $17 {
0-1 Ahlander,B-Hellers,F/Malmo 1994 (31)}) (18. Bf4 e5 19. Be3 exd4 20. Nxd4
Bf7 21. Ba6 Re8 22. Rfd1 Qe7 23. Qxe7 Rxe7 24. Nc6 Nxc6 25. Rxc6 {1/2-1/2
Kramnik,V-Shirov,A/WCC cand Cazorla 1998}) 18... Qd6 (18... Bf7 $5 19. Ba6 $5 (
19. Bg3 e5 20. Ba6 b5 $5 21. Bf2 (21. Bxb5 Rb8 22. Ra1 Nb3 23. Ra6) 21... Qb6
22. Ra1 Nc6 23. Qxb5 Qxb5 (23... Nxd4 24. Nxd4 exd4 25. Qd3 Rad8 26. Rfb1 Qe6
27. Rb7 $14 {1-0 Mikhalevsky,V-Liss,E/ch-ISR 1998 (59)} (27. Bxd4 f5 28. Rb4
fxe4 29. fxe4 Rfe8)) 24. Bxb5 Nxd4 25. Nxd4 exd4 26. Bxd4 f5 27. Bxg7 Kxg7 28.
exf5 gxf5 {and the game should end in a draw.}) (19. d5 Qd6 (19... e6) 20. Qxd6
exd6 {Kramnik,Dolmatov}) 19... Qd6 20. Qxd6 exd6 21. Rc7 d5 22. Nc3 (22. exd5
Bxd5 23. Nc3 Bf7 24. d5 Nb3 25. Bb7 Rad8 26. Rd1 Nc5 27. Bc6 Be8 28. Bxe8 Rfxe8
29. d6 Re6 30. d7 Kf7 31. Bf2 Bf8 32. Rxa7 Rd6 33. Rxd6 Bxd6 34. Nd5 {1/2-1/2
Georgiev,Vl-Pierrot,F/Linares op 1999}) 22... Rad8 23. Bf2 dxe4 24. fxe4 Be6
25. Rxa7 Nc6 26. Rc7 Nxd4 27. Nd5 $44 Nf5 $2 28. Nf4 {1-0 Shneider,A-de Vreugt,
D/Cappelle la Grande 1999}) 19. Qxd6 exd6 20. d5 {/\ Ne2-d4-e6} f5 $6 (20...
Rac8 $5 21. Ba6 Rc5 {Sakaev}) 21. exf5 gxf5 (21... Bxd5 $5 22. fxg6 hxg6 23.
Bxg6 Bc4 24. Kf2 d5 $132 {Kramnik}) 22. Ng3 Bb2 23. Nxf5 Bc4 $1 24. Ne7+ Kh8
25. Bxc4 Rf4 26. Bg5 Rxc4 27. Rce1 Rc2 28. f4 $5 (28. Nf5 Nc4 {Kramnik,
V-Shirov,A/WCC cand Cazorla 1998/1/2-1/2 (65)}) 28... Nc4 $5 29. f5 Kg7 30. f6+
Kf7 31. Nf5 Be5 32. Nh6+ Kg6 33. h4 Bd4+ 34. Kh1 $16 {/\ f7 Kramnik}) (17. Ba6
$5 {even this straightforward move is not bad.} Be6 18. d5 Bc8 19. Bd3 Bb7 20.
Nc3 Rc8 21. Nb5 Rxc1 22. Rxc1 Ba6 23. Bf1 Bxb5 24. Bxb5 Be5 25. Ba6 Qd6 26.
Qxd6 Bxd6 27. Rc3 $44 {Matevzic,C-Larsson,J/SoLett Open 1999/1-0 (55)}) 17...
Be6 18. Bg5 (18. Rfc1 Qd6 19. Qxd6 exd6 20. Ba6 d5 21. Nf4 Rad8 22. Nxe6 fxe6
23. Rd3 Nc4 24. Bxc4 dxc4 25. Rxc4 Rd7 26. Kf2 Rfd8 27. Ke2 b5 {1/2-1/2
Alexandrova,O-Blazkova,P/EU-chJW U16 Herculane 1994}) (18. Nf4 Bd7 19. Rfc1 e6
20. e5 Rc8 21. Be4 Rxc3 22. Qxc3 Qb8 (22... Bb5 23. Qb4 Qd7 24. d5 Re8 25. h4
Bxe5 26. dxe6 fxe6 27. h5 gxh5 28. Bxh7+ Kg7 29. Nxh5+ Kh8 $13 30. Qe4 Qd5 31.
Qh4 Qd8 32. Qe4 Qd5 33. Qg6 Rd8 34. Bg8 Qd1+ {0-1 Barkhagen,J-Akesson,R/Rilton
Cup 1998}) 23. Qc7 Bb5 24. h4 Rd8 25. h5 Qxc7 26. Rxc7 g5 27. Nh3 h6 28. Rxa7
Nc6 29. Rb7 Nxd4 $11 {1/2-1/2 Barkhagen,J-Rytshagov,M/Excelsior Cup 1999 (40)})
(18. Bf4 $5 Rc8 19. Rfc1 Rxc3 20. Rxc3 Bd7 21. Bc7 Qe8 $13 {Ftacnik}) 18... Re8
{it is now possible} (18... f6 19. Bf4 $13) 19. Bb5 (19. Rfc1 $5 Rc8) 19... Bd7
20. Bxd7 (20. Ba6 $2 Nc6 21. Qc4 b5 $1 (21... Bc8 $5 22. Bb5 Nxd4 23. Bxe8 Be6
$1 24. Qd3 Nxe2+ 25. Qxe2 Bxc3 $19 {Ftacnik}) 22. Qc5 (22. Bxb5 Na5 23. Qd5
Bxb5 24. Qxb5 Bxd4+) 22... Qb6 23. Qxb6 $8 axb6 24. Bb7 Nxd4 25. Nc1 Ra7 26.
Bd5 Ne6 $1 {0-1 Timman,J-Hellers,F/Sigeman and Co 1997 (30)}) 20... Qxd7 21.
Rfc1 Rac8 $5 {A new interesting idea in this well-known position. Black gives
up his e7 pawn but swaps both pairs of rooks and starts his own counterplay.} (
21... Qd6 {Ftacnik}) (21... Rad8 $11 {Timman,J}) 22. Rxc8 Rxc8 23. Rxc8+ Qxc8
24. Qxe7 (24. Bxe7 Qc2 25. Qd6 Nc6 $17) 24... h6 25. Bf4 (25. Bf6 Nc6 26. Qd6
Qe6 $5 $15 {_|_ In the knight endgame Black's outside passed pawns will be
important.}) (25. Be3 $5 {was more accurate with idea} Qc2 26. Kf2 $1 Nc4 $2
27. Qe8+) 25... Qc2 26. Kf1 g5 27. Qe8+ Kh7 28. Bg3 $2 {Here the bishop is
placed badly and Black obtains dangerous initiative.} (28. Be5 $142 {
exchanging or closing down (after} f6 29. Bg3 {) the black bishop.}) 28... Qc4
29. d5 (29. Be5 f6 30. Bg3 Nb3) 29... Nb3 30. Qc6 $2 {This is already losing.
White should not have lifted his attack of the f7 pawn.} (30. Ke1 $1 {(quite a
computer-like move!) was the only way to fight on. After} Nc1 31. Nxc1 Qxc1+
32. Ke2 Qc4+ 33. Kd1 ({or even} 33. Kd2 Bc3+ 34. Kc2 Bd4+ 35. Kd2 Qc3+ 36. Kd1)
33... Qd3+ 34. Kc1 Qf1+ 35. Kd2 Qxg2+ 36. Ke3 {I don't see any win for Black})
30... Qd3 31. Bf2 (31. Kf2 Nd4 32. Nxd4 Bxd4+ 33. Ke1 Bc3+ 34. Kf2 Qd2+ 35. Kf1
Qd1+ 36. Kf2 Qe1#) 31... Qd1+ 32. Be1 Nc5 (32... Nc5 33. Qc8 Nd3 34. Qf5+ Kg8
35. Qc8+ Bf8 36. Qc3 Bb4 37. Qc8+ Kg7 $19) 0-1

[Event "Wattens op 05th"]
[Site "Wattens"]
[Date "1990.07.24"]
[Round "4"]
[White "Ilic, Dragan M"]
[Black "Krasenkow, Michal"]
[Result "0-1"]
[WhiteElo "2420"]
[BlackElo "2530"]
[Annotator "Krasenkow,M"]
[PlyCount "54"]
[EventDate "1990.07.21"]
[EventType "swiss"]
[EventRounds "9"]
[EventCountry "AUT"]
[SourceTitle "EXT 2006"]
[Source "ChessBase"]
[SourceDate "2005.11.24"]
[SourceVersion "1"]
[SourceVersionDate "2005.11.24"]
[SourceQuality "1"]

{Inf 51/474} 1. d4 Nf6 2. c4 g6 3. Nc3 d5 4. cxd5 Nxd5 5. e4 Nxc3 6. bxc3 Bg7
7. Bc4 c5 8. Ne2 Nc6 9. Be3 O-O 10. O-O Na5 11. Bd3 Bg4 12. f3 cxd4 13. cxd4
Be6 14. d5 Bxa1 15. Qxa1 f6 16. Rb1 (16. Bh6) 16... Bd7 17. e5 $6 (17. Bh6)
17... Bc6 $3 (17... fxe5) 18. exf6 (18. dxc6 Qxd3 $19) (18. Nf4 g5 $1) (18. Be4
f5 $1) (18. Nc3 $5 Bxd5 19. Rd1) 18... Qxd5 $1 19. fxe7 (19. Be4 $142 Qd6 $17)
19... Rxf3 $1 20. Bh6 (20. gxf3 Qxf3) 20... Rf7 21. Nf4 Qc5+ 22. Kh1 Qxe7 23.
Re1 (23. Qc3 Qh4) 23... Qh4 24. Bxg6 hxg6 25. Re6 Be4 $1 26. Nxg6 Bxg2+ 27.
Kxg2 Rf2+ 0-1

[Event "Sigeman & Co 11th"]
[Site "Malmo"]
[Date "2003.04.29"]
[Round "1"]
[White "Nielsen, Peter Heine"]
[Black "McShane, Luke J"]
[Result "1-0"]
[WhiteElo "2625"]
[BlackElo "2592"]
[Annotator "Krasenkow,M"]
[PlyCount "74"]
[EventDate "2003.04.29"]
[EventType "tourn"]
[EventRounds "9"]
[EventCountry "SWE"]
[EventCategory "13"]
[SourceTitle "CBM 095"]
[Source "ChessBase"]
[SourceDate "2003.07.25"]
[SourceVersion "1"]
[SourceVersionDate "2003.07.25"]
[SourceQuality "1"]

1. d4 Nf6 2. c4 g6 3. Nc3 d5 4. cxd5 Nxd5 5. e4 Nxc3 6. bxc3 Bg7 7. Bc4 c5 8.
Ne2 cxd4 9. cxd4 Nc6 10. Be3 O-O 11. O-O Bg4 12. f3 Na5 13. Bd3 Be6 14. d5 Bxa1
15. Qxa1 f6 16. Bh6 Re8 17. Kh1 Bd7 (17... Rc8 {is more accurate - see CBM81
and 90, as well as Hansen-McShane in this issue.}) 18. e5 Rc8 19. Ng3 $1 {
[%mdl 8] A new, very strong plan. The knight aims to e4 to press the f6 point.}
Nc4 (19... Qc7 $142 20. exf6 Qc3 21. Ne4 Qxa1 22. Rxa1 $44) 20. Bxc4 Rxc4 21.
Ne4 {The f6 point is undefendable!} Qb6 22. Rd1 $1 (22. exf6 {is less strong
in view of} Qd4) 22... Rxe4 $8 (22... Rc2 {is met with} 23. Rb1 $1 $18 {
followed by 24.exf6}) 23. fxe4 fxe5 24. Qxe5 Qf6 25. Qg3 $16 {White has
regained the exchange maintaining a clear positional advantage as the black
king is poorly protected, which is especially dangerous when opposite-coloured
bishops are on the board.} (25. Qc7 $5 Ba4 (25... Bg4 26. Rc1 g5 27. Qg3) 26.
Rb1 g5 27. d6 $16) 25... e6 (25... e5 $5) 26. d6 (26. Qc7 $5 Ba4 27. e5 Qe7 28.
Qxe7 Rxe7 29. Rd4 $16 {_|_}) 26... e5 27. h3 {White needn't hurry.} (27. Qb3+
$143 Be6 28. Qxb7 g5 29. d7 Rd8 30. Qc7 Bg4 $1) 27... b5 28. Bg5 Qe6 29. Be7
Rc8 30. Rf1 Qc4 31. Qf2 b4 32. Bg5 Bb5 $2 {A blunder leading to an immediate
defeat.} (32... h5 $8) {[%tqu "En","White wins immediately. How?","","","d6d7",
"",10]} 33. d7 $1 Bxd7 34. Bh6 $18 Bf5 35. exf5 Qf7 36. f6 a5 37. Qb6 Ra8 1-0

[Event "Sigeman & Co 11th"]
[Site "Malmo"]
[Date "2003.05.08"]
[Round "9"]
[White "Hansen, Curt"]
[Black "McShane, Luke J"]
[Result "1-0"]
[WhiteElo "2610"]
[BlackElo "2592"]
[Annotator "Krasenkow,M"]
[PlyCount "85"]
[EventDate "2003.04.29"]
[EventType "tourn"]
[EventRounds "9"]
[EventCountry "SWE"]
[EventCategory "13"]
[SourceTitle "CBM 095"]
[Source "ChessBase"]
[SourceDate "2003.07.25"]
[SourceVersion "1"]
[SourceVersionDate "2003.07.25"]
[SourceQuality "1"]

1. d4 Nf6 2. c4 g6 3. Nc3 d5 4. cxd5 Nxd5 5. e4 Nxc3 6. bxc3 Bg7 7. Bc4 c5 8.
Ne2 O-O 9. O-O Nc6 10. Be3 Bg4 11. f3 cxd4 12. cxd4 Na5 13. Bd3 Be6 14. d5 Bxa1
15. Qxa1 f6 16. Bh6 Re8 17. Kh1 Rc8 (17... Bd7 18. e5 Rc8 {is less accurate in
view of} 19. Ng3 $1 {- see Nielsen-McShane in this issue.}) 18. Nf4 Bd7 19. e5
Nc4 20. e6 Ba4 21. Nxg6 hxg6 22. Bxg6 Ne5 23. Be4 Bc2 24. Bxc2 Rxc2 25. Qd1 {
About this line - see CBM90, annotations to Kharlov-Mamedyarov. White's attack
is certainly sufficient for a draw and it is not easy for Black to defend.} Kh7
26. f4 Kxh6 27. fxe5 Rc4 {Too passive!} (27... Qc7 {[%cal Yc7c4] should be
prefered.} 28. exf6 (28. d6 $5 Qc4 $5 (28... Qc6 29. Qg4 fxe5 30. d7 Rf8 $1 $11
)) 28... Qc4 {leads to big complications needing detailed analysis. Here is
one of the lines:} 29. f7 Rf8 30. d6 exd6 (30... Qe4 $4 31. Qxc2 $3 Qxc2 32.
dxe7 $18) 31. e7 (31. Re1 $5 Rf2 $13) 31... Rxf7 $1 32. Qxd6+ Kh7 33. Rxf7+
Qxf7 34. Qd3+ Kg7 35. Qd4+ {with a perpetual.}) 28. Qd3 b5 (28... Rh4 $5) 29.
exf6 exf6 30. d6 {[%csl Gd6,Ge6]} Kg7 31. Qg3+ Kh7 32. Qh3+ Kg7 33. Qg3+ Kh7
34. Qf3 Kg6 35. Qd5 {White doesn't want a draw! His two strong pawns are
certainly worth more than a rook.} Rh8 $2 (35... Rxe6 $1 36. Qxe6 Rd4 {appears
necessary but White, a pawn up, maintains good winning chances anyway.}) 36. h3
$18 a6 (36... Kg7 37. Qb7+ (37. Rf3 Qb6 {is less clear}) 37... Kh6 38. Qf7 f5
39. Qxf5 {was hopeless enough, too.}) 37. Qd3+ Kg7 (37... Kh6 38. e7 Qe8 39.
Rxf6+ Kg7 40. d7 $18) 38. Qg3+ Kh7 (38... Kh6 39. e7) 39. Rf5 Qe8 40. Rxf6 Rg8
41. Qd3+ Kg7 42. Qf5 Rc5 43. Rf7+ 1-0

[Event "EU-chT (Men) 13th"]
[Site "Leon"]
[Date "2001.11.07"]
[Round "2.3"]
[White "Rama, Lorenc"]
[Black "Holmsten, Aleksei"]
[Result "0-1"]
[WhiteElo "2311"]
[BlackElo "2422"]
[Annotator "Krasenkow,M"]
[PlyCount "114"]
[EventDate "2001.11.06"]
[EventType "team-swiss"]
[EventRounds "9"]
[EventCountry "ESP"]
[SourceTitle "CBM 086"]
[Source "ChessBase"]
[SourceDate "2002.02.05"]
[SourceVersion "1"]
[SourceVersionDate "2002.02.05"]
[SourceQuality "1"]
[WhiteTeam "Albania"]
[BlackTeam "Finland"]
[WhiteTeamCountry "ALB"]
[BlackTeamCountry "FIN"]

1. d4 Nf6 2. c4 g6 3. Nc3 d5 4. cxd5 Nxd5 5. e4 Nxc3 6. bxc3 Bg7 7. Bc4 c5 8.
Ne2 O-O 9. O-O Nc6 10. Be3 Bg4 11. f3 Na5 12. Bd3 cxd4 13. cxd4 Be6 14. Rc1
Bxa2 15. Qa4 Bb3 16. Qb4 b6 17. d5 (17. Bg5 {was examined in detail in CBM68
and 84. The text move, originated from the stem game Jussupow-Anand, is
considered harmless.}) 17... Qd6 $1 18. Qxd6 (18. Bd2 $6 Rfd8 $1 19. Qxd6 exd6
20. Bg5 Rdc8 21. Ba6 Rc5 $1 $17 {0-1 Jussupov,A-Anand,V/Wijk aan Zee (m/2)
1994 (60)}) 18... exd6 19. Nd4 $6 (19. Rc7 {is more active.} Ba4 $1 (19... Rfc8
20. Rfc1 Rxc7 21. Rxc7 Bf6 22. Bf4 Bd8 23. Rc1 Be7 24. Ba6 Ba4 25. Nd4 Kf8 26.
Rc7 Ke8 27. Bb5+ Bxb5 28. Nxb5 Kd8 29. e5 dxe5 30. d6 Bxd6 31. Bg5+ Ke8 32.
Nxd6+ Kf8 33. Bh6+ Kg8 {1-0 Lukacs,P-Monda,L/Budapest 1990/CBM 17 ext (33)})
20. Nc3 Bxc3 21. Rxc3 Nb3 22. Bc2 (22. Bf4 $5 Rfd8 $13 (22... Rfc8 23. Rxc8+
Rxc8 24. Bxd6 $14 {1/2-1/2 Guevara,F-Tilghman,J/ICCF Email 2000/ICCF tele 5/
2001 (39)}) (22... Nc5 23. Ra1) 23. Bc2 $140 Nd4 $1 {This line needs further
tests.}) 22... Rfc8 23. Rxc8+ Rxc8 24. Bxb3 Bxb3 25. Ra1 a5 (25... Rc7 26. Bf4
Rd7 27. Rc1 f5 28. Kf2 fxe4 29. fxe4 Ba4 30. Ke3 Kf7 {1/2-1/2 Peckford,W-Wolff,
P/North Bay 1996/EXT 98 (30)}) 26. Bxb6 a4 27. e5 Kf8 28. exd6 Ke8 29. Bc7 Kd7
30. Re1 Re8 31. Rxe8 Kxe8 32. Ba5 a3 33. Bc3 Kd7 34. Kf2 a2 35. Be5 Bxd5 36. f4
Ke6 37. h4 f6 38. Ba1 Kxd6 39. Bxf6 Ke6 40. Be5 Kf5 41. g3 Ke4 42. Ke2 Be6 43.
Kd2 Bf5 44. Kc1 Kf3 45. Kb2 Kxg3 46. Bf6 {1/2-1/2 Cramling,P-Shirov,A/
Barcelona 2000/CBM 77 ext (46)}) (19. Ba6 Ba4 $1 $13 {V.Anand}) 19... Ba4 20.
Rc7 {A bit too late.} Bxd4 21. Bxd4 Nb3 {[%cal Rb3d4,Yb3c5] Black gains a
crucial tempo.} 22. Bf6 Rfc8 23. Rxc8+ Rxc8 24. Be7 {This attempt to regain
the pawn fails.} (24. f4 {is quite poor, too, e.g.} Nc5 25. Bb1 Kf8 26. h4 Nd7
27. Bb2 Ke7 28. Re1 b5 29. e5 b4 30. Re2 Bb3 31. e6 Nf8 32. f5 fxe6 33. fxg6
hxg6 34. dxe6 Bxe6 35. Bg7 Rc1+ {0-1 De Rover,Y-Aubel,J/Arnhem 1996/EXT 98 (35)
.}) 24... Nc5 25. Bb1 Nb7 26. f4 Rc7 27. Bf6 Bb3 28. h4 a5 29. h5 a4 30. hxg6
fxg6 31. e5 Bxd5 32. exd6 Rd7 33. Be5 $6 (33. f5 {gives White more chances for
counterplay.}) 33... Nxd6 34. Rd1 Nf7 35. Bf6 Rd6 36. Be7 Re6 37. Bb4 Bc4 38.
g4 b5 39. Rc1 Re8 40. f5 {This only helps Black to activate his knight.} gxf5
41. Bxf5 Ng5 42. Bd7 Re3 43. Bxb5 $2 {A blunder in a hopeless position...} Bxb5
44. Rc5 h6 $2 {...but Black fails to find} (44... Re5 $1 {or even simply}) (
44... Nh3+ 45. Kg2 Bd7 $19) {Fortunately, it doesn't change much.} 45. Rxb5 Rb3
{Threatening ...a4-a3-a2} 46. Rb8+ Kh7 47. Bd6 $2 {This means a resignation.} (
47. Rb7+ Kg6 48. Rb6+ Kf7 49. Rb7+ Ke6 50. Re7+ Kf6 51. Bc5 Ne6 52. Bd6 Rd3 53.
Bb4 Rg3+ 54. Kf2 Rxg4 55. Rb7 {was better but White is lost anyway.}) 47...
Rxb8 48. Bxb8 Ne4 49. Kf1 a3 50. Be5 a2 51. Ke2 Nc5 52. Kd2 Nb3+ 53. Kc2 a1=Q
54. Bxa1 Nxa1+ 55. Kb2 Kg6 56. Kxa1 Kg5 57. Kb2 Kxg4 0-1

[Event "Moscow Aeroflot op"]
[Site "Moscow"]
[Date "2002.02.09"]
[Round "7"]
[White "Najer, Evgeniy"]
[Black "Mikhalevski, Victor"]
[Result "1/2-1/2"]
[WhiteElo "2599"]
[BlackElo "2531"]
[Annotator "Krasenkow,M"]
[PlyCount "49"]
[EventDate "2002.02.04"]
[EventType "swiss"]
[EventRounds "9"]
[EventCountry "RUS"]
[SourceTitle "CBM 088"]
[Source "ChessBase"]
[SourceDate "2002.03.21"]
[SourceVersion "1"]
[SourceVersionDate "2002.03.21"]
[SourceQuality "1"]

1. d4 Nf6 2. c4 g6 3. Nc3 d5 4. cxd5 Nxd5 5. e4 Nxc3 6. bxc3 Bg7 7. Bc4 c5 8.
Ne2 Nc6 9. Be3 O-O 10. O-O Bg4 11. f3 Na5 12. Bd3 cxd4 13. cxd4 Be6 14. d5 Bxa1
15. Qxa1 f6 16. Rb1 Bf7 {Black immediately gives back the exchange and White,
with his strong central pawns, maintains the better prospects, giving the
weakened position of the black king. This is the theoretical verdict. However,
GM Victor Mikhalevski has his own opinion on the subject!} (16... Bd7 {is the
main theoretical line.}) 17. Bh6 e6 $5 $146 {[%mdl 8] Immediately attacking
the white centre. Previous games played with this line saw} (17... Re8 18. Bb5
{or}) (17... Rc8) 18. Bxf8 Kxf8 19. Nf4 ({After} 19. dxe6 Qxd3 20. exf7 (20.
Qxf6 $2 Qxb1+ 21. Kf2 Qb6+ 22. Nd4 Qc7 23. exf7 Qb6 $3 $19) 20... Qxe2 21. Qxf6
Qd3 {White has maximum a perpetual.}) 19... exd5 (19... e5 $5 20. Ne2 Rc8 {
deserves attention, too.}) 20. exd5 ({Or} 20. Nxd5 Bxd5 21. exd5 Qd6 22. Qd4
Rc8 {[%cal Rd6c5] with a satisfactory position for Black.}) 20... g5 $1 ({
But not} 20... Qd6 $2 21. Ne6+) 21. Ne6+ Bxe6 22. dxe6 Qxd3 23. Qxf6+ Kg8 24.
Qf7+ Kh8 25. Qf6+ {Alas, White has nothing more. A very important theoretical
game!} 1/2-1/2